Swedish soccer players scoring during the UEFA Euro - Statistics

General Stats
  • This quiz has been taken 91 times
    81 since last reset
  • The average score is 6 of 14
Answer Stats
Goals Year(s) Player % Correct
6 2004, 2008, 2012 Zlatan Ibrahimović
100%
4 2000, 2004 Henrik Larsson
85%
1 2012 Sebastian Larsson
84%
4 2021 Emil Forsberg
71%
1 2004 Freddie Ljungberg
52%
1 1992 Kennet Andersson
41%
3 1992 Tomas Brolin
38%
1 2012 Olof Mellberg
34%
1 2021 Viktor Claesson
33%
1 2004 Marcus Allbäck
26%
2 1992 Jan Eriksson
19%
1 2000 Johan Mjällby
14%
1 2008 Petter Hansson
14%
1 2004 Mattias Jonson
11%
No matching quizzes found
Score Distribution
Percent of People with Each Score
Percentile by Number Answered
Your Score History
You have not taken this quiz since the last reset